Approaches to linking producers to markets (Record no. 20953)

000 -LEADER
fixed length control field 01540cam a2200277 a 4500
020 ## - INTERNATIONAL STANDARD BOOK NUMBER
ISBN 9780980187182 (pbk.)
020 ## - INTERNATIONAL STANDARD BOOK NUMBER
ISBN 0980187184 (pbk.)
040 ## - CATALOGING SOURCE
Transcribing agency BTCTA
082 ## - DEWEY DECIMAL CLASSIFICATION NUMBER
Classification number FAO ROM 2007 C131 OR.
245 00 - TITLE STATEMENT
Title Approaches to linking producers to markets
260 ## - PUBLICATION, DISTRIBUTION, ETC. (IMPRINT)
Place of publication [Washington, D. C.] :
Name of publisher Center for Transatlantic Relations, Johns Hopkins University ;
Place of publication [Berlin, Germany] :
Name of publisher Global Public Policy Institute,
Year of publication c2009.
300 ## - PHYSICAL DESCRIPTION
Number of Pages viii, 487 p. :
Other physical details ill., maps ;
Dimensions 26 cm.
500 ## - GENERAL NOTE
General note The contributions to this book were created as part of the project "Raising the Bar: Enhancing Transatlantic Governance of Disaster Relief and Preparedness...The findings of the project are based on the insights of 16 field-level case studies that were commissioned for the project" -- P. vii.
500 ## - GENERAL NOTE
General note Funded through the European Commissions pilot program on transatlantic methods for handling common global challenges and was also supported by the German Federal Ministry for Economic Cooperation and Development (BMZ).
650 #0 - SUBJECT ADDED ENTRY--TOPICAL TERM
Topical Term Humanitarian assistance
650 #0 - SUBJECT ADDED ENTRY--TOPICAL TERM
Topical Term Disaster relief
650 #0 - SUBJECT ADDED ENTRY--TOPICAL TERM
Topical Term Humanitarian assistance, European.
650 #0 - SUBJECT ADDED ENTRY--TOPICAL TERM
Topical Term Humanitarian assistance, American.
650 #7 - SUBJECT ADDED ENTRY--TOPICAL TERM
Topical Term assistance humanitaire
700 1# - ADDED ENTRY--PERSONAL NAME
Personal name Steets, Julia,
700 1# - ADDED ENTRY--PERSONAL NAME
Personal name Hamilton, Daniel S.
710 2# - ADDED ENTRY--CORPORATE NAME
Corporate name or jurisdiction name as entry element Paul H. Nitze School of Advanced International Studies.
710 2# - ADDED ENTRY--CORPORATE NAME
Corporate name or jurisdiction name as entry element Global Public Policy Institute.
856 41 - ELECTRONIC LOCATION AND ACCESS
Uniform Resource Identifier http://www.disastergovernance.net/fileadmin/gppi/Humanitarian_Assistance_EU-US-Cooperation.pdf
942 ## - ADDED ENTRY ELEMENTS (KOHA)
Koha item type ADB
952 ## - LOCATION AND ITEM INFORMATION (KOHA)
Withdrawn status [LOCAL, KOHA] 0
Holdings
Permanent Location Date acquired Koha item type Lost status Shelving location Barcode Current Location Full call number
Library Block C2023-01-20ADB C131a071133Library Block CFAO ROM 2007 C131 OR.
មជ្ឈមណ្ឌលឯការនៃសាកលវិទ្យាល័យភូមិន្ទកសិកម្មចំការដូង

Powered by Koha